Culture Générale - Série 1246 - Statistiques

Statistiques générales
  • Ce quiz a été pris 83 fois
  • Le résultat moyen est 9 sur 10
Statistiques - réponses
Question Réponse % Correct
D'après l'expression, quand on ne connaît pas la réponse à une question, on donne sa langue ... au chat
99%
Selon l'expression, à quel poisson associe-t-on quelqu'un qui reste obstinément muet ? carpe
99%
Lorsqu'on est enroué on dit qu'on a un chat dans la... gorge
99%
Selon l'expression, quelle est la couleur de la colombe que la bave du crapaud ne peut atteindre ? blanche
95%
D'une chose difficile à obtenir, on dit qu'elle ne se trouve pas sous le sabot d'un... cheval
94%
Selon l'expression, à quel crustacé d'eau douce compare-t-on une personne toute rouge ? écrevisse
88%
Complétez ce vers de Jacques Prévert : "Il dit non avec la tête mais il dit oui... avec le coeur
83%
Quand on offre quelque chose de beau à une personne incapable de l'apprécier, on dit qu'on donne de la confiture à un... cochon
82%
Dans quels organes du corps humain l'urine se forme-t-elle ? reins
79%
Quel film d'Alan Parker de 1978 évoque l'enfer carcéral vécu par un touriste américain dans les prisons turques ? Midnight Express
40%
Aucun quiz correspondant
Distribution des résultats
% des personnes avec chaque résultat
Percentile par nombre de réponses
Votre historique - résultats
Vous n’avez pas pris ce quiz